000 00543nam a2200193Ia 4500
005 20250326141955.0
008 250326s9999 xx 000 0 und d
020 _a1-55775-788-7
037 _aTextbook
040 _aFMSL
_beng
_cFMSL
041 _aeng
_2eng
084 _aX N9
_qFMSL
100 _aTanzi Vito Ed.
245 0 _aEconomic policy & equity
_cTanzi Vito And Others Ed.
260 _aWashington
_bWashington, International Monetary Fund
_c1999
300 _aix,293
942 _cTB
_hX N9
999 _c1292857
_d1292857